banner-ar

DOMENICOS THE OTOCOPOULOS)31 GRECO / (Record no. 11992)

MARC details
000 -الفاتح
حقل البيانات ثابتة الطول 00478nam a2200181Ia 4500
008 - عناصر البيانات ثابتة الطول - معلومات عامة
حقل البيانات ثابتة الطول 140319s9999 xx 000 0 eng d
040 ## - مصدر الفهرسة
وكالة الفهرسة الأصلية GCL /
وكالة النسخ GCL
082 04 - رقم تصنيف ديوى العشرى
رقم التصنيف 759
رقم المادة B D
100 1# - المدخل الرئيسى - إسم شخصى
الإسم الشخصى BRONSTEIN,LEO
245 10 - بيان العنوان
العنوان DOMENICOS THE OTOCOPOULOS)31 GRECO /
بيان المسئوليه,etc BRONSTEIN,LEO
260 ## - PUBLICATION, DISTRIBUTION, ETC. (IMPRINT)
تاريخ النشر أو التوزيع 1991
300 ## - الوصف المادى
التعداد 127P
650 04 - المدخل الاضافى بالموضوع-مصطلح موضوعى
مصطلح موضوعي ART, BYZANTINE
650 04 - المدخل الاضافى بالموضوع-مصطلح موضوعى
مصطلح موضوعي THEOTOCOPULOS,DOMENICOS EL
650 04 - المدخل الاضافى بالموضوع-مصطلح موضوعى
مصطلح موضوعي ICON PAINTER
942 ## - عناصر المدخل الإضافي( كوها)
مصدر التصنيف او مخطط الترفيف Dewey Decimal Classification
Koha [default] item type كتاب
260 ## - PUBLICATION, DISTRIBUTION, ETC. (IMPRINT)
-- [S.N] :
-- THAMES AND HUDSON ،
Holdings
حالة التراجع حالة الفقد حالة تلف ليس للاعارة المكان المؤقت الموقع الحالى تاريخ الاكتساب اجمالي اﻻعارات رقم الطلب الباركود تاريخ اخر مشاهدة تاريخ تفعيل السعر نوع وعاء كوها
        مكتبة القاهرة الكبرى مكتبة القاهرة الكبرى 03/26/2014   759\B D 23528 03/26/2014 03/26/2014 كتاب

Powered By

EGPV